Accident prevention on board ship at sea and in port (Record no. 3239)
[ view plain ]
| 000 -LEADER | |
|---|---|
| fixed length control field | 01283nam a2200337 a 4500 |
| 245 10 - TITLE STATEMENT | |
| Title | Accident prevention on board ship at sea and in port |
| 250 ## - EDITION STATEMENT | |
| Edition statement | 2nd ed. |
| 260 ## - PUBLICATION, DISTRIBUTION, ETC. (IMPRINT) | |
| Place of publication | Geneva : |
| Name of publisher | International Labour Office, |
| Year of publication | 1996. |
| 300 ## - PHYSICAL DESCRIPTION | |
| Number of Pages | xiv, 194 p. |
| 490 1# - SERIES STATEMENT | |
| Series statement | ILO code of practice |
| 650 #0 - SUBJECT ADDED ENTRY--TOPICAL TERM | |
| Topical Term | Merchant mariners |
| Topical Term | Ships |
| 856 40 - ELECTRONIC LOCATION AND ACCESS | |
| Uniform Resource Identifier | http://site.ebrary.com/lib/rucke/Doc?id=10004921 |
No items available.
